| 000 | 00454nam a2200181Ia 4500 | ||
|---|---|---|---|
| 003 | STCL | ||
| 008 | 230729s9999 xx 000 0 und d | ||
| 020 | _qPhotocopy | ||
| 040 |
_aSTCL _cSTCL _bEN |
||
| 082 | _222 | ||
| 100 | _aKonopka, Gisela | ||
| 245 | 0 | _aSocial group work: a helping process | |
| 260 |
_bPrentice Hall _aEnglewood _c1963 |
||
| 300 | _a307 p | ||
| 440 | _aPrentice hall sociology series | ||
| 546 | _aEnglish | ||
| 942 |
_2DDC _e22 _cBK |
||
| 999 |
_c90185 _d90185 |
||